Human physiology / (Record no. 76062)
[ view plain ]
| 000 -LEADER | |
|---|---|
| fixed length control field | 00859nam a2200265 a 4500 |
| 001 - CONTROL NUMBER | |
| control field | 76062 |
| 003 - CONTROL NUMBER IDENTIFIER | |
| rucl marc code | BD-RjUL |
| 005 - DATE AND TIME OF LATEST TRANSACTION | |
| control field | 20211209082801.0 |
| 008 - FIXED-LENGTH DATA ELEMENTS--GENERAL INFORMATION | |
| fixed length control field | 191017m1973 ii ar1p 0 1 a0eng |
| 020 ## - INTERNATIONAL STANDARD BOOK NUMBER | |
| Terms of availability | : IRs. 32.50 (In India) |
| 035 ## - SYSTEM CONTROL NUMBER | |
| System control number | (BD-RjUL)76282 |
| 040 ## - CATALOGING SOURCE | |
| Original cataloging agency | LC |
| Language of cataloging | eng |
| Transcribing agency | LC |
| Modifying agency | LC |
| -- | BD-RjUL |
| 082 00 - DEWEY DECIMAL CLASSIFICATION NUMBER | |
| Classification number | 612 |
| Edition number | 23 |
| Author mark and year | CHH V-1-2 1973 |
| 100 1# - MAIN ENTRY--PERSONAL NAME | |
| Personal name | Chatterjee, Chandi Charan |
| 9 (RLIN) | 233868 |
| 245 10 - TITLE STATEMENT | |
| Title | Human physiology / |
| Statement of responsibility, etc. | by Chandi Charan Chatterjee ; Revised and edited by C. Deb ...[et al.] |
| 250 ## - EDITION STATEMENT | |
| Edition statement | 8th ed. |
| 260 ## - PUBLICATION, DISTRIBUTION, ETC. (IMPRINT) | |
| Place of publication, distribution, etc. | Calcutta : |
| Name of publisher, distributor, etc. | New Central Book Agency, |
| Date of publication, distribution, etc. | 1973 |
| 300 ## - PHYSICAL DESCRIPTION | |
| Pagination | v. : |
| Illustrations | ill. ; |
| Size | 20 cm. |
| 500 ## - GENERAL NOTE | |
| General note | "For Preclinical Medical and Degree courses in Physiology" |
| General note | includes index. |
| 505 ## - FORMATTED CONTENTS NOTE | |
| Formatted contents note | Vol. 2 -- |
| 650 ## - SUBJECT ADDED ENTRY--TOPICAL TERM | |
| Topical term or geographic name as entry element | Human physiology |
| 9 (RLIN) | 233869 |
| 700 ## - ADDED ENTRY--PERSONAL NAME | |
| Personal name | Deb, C. ... [et al.], Rev. & ed. |
| 942 ## - ADDED ENTRY ELEMENTS (KOHA) | |
| Source of classification or shelving scheme | Dewey Decimal Classification |
| Koha item type | Books |
| Lost status | Source of classification or shelving scheme | Damaged status | Not for loan | Collection code | Permanent Location | Current Location | Shelving location | Date acquired | Total Checkouts | Full call number | Date last seen | Copy number | Koha item type |
|---|---|---|---|---|---|---|---|---|---|---|---|---|---|
| Dewey Decimal Classification | Not For Loan | Non-fiction | Central Library, University of Rajshahi | Central Library, University of Rajshahi | Reading Room | 17/10/2019 | 612 CHH V-2 1973 | 17/10/2019 | C-1 | Books |